000 00302nam a22001337a 4500
008 181024b xxu||||| |||| 00| 0 eng d
020 _a9781591943013
041 _aeng
080 _a370
100 _a47
101 _aEDU
245 _aThe Reading Writing Conection
_cLangan.J
942 _2udc
_cBK
999 _c50770
_d50770